Webster's universal dictionary & thesaurus. (Record no. 3657)

MARC details
000 -LEADER
fixed length control field 01233nam a22003135a 4500
003 - CONTROL NUMBER IDENTIFIER
control field EG-ScBUE
005 - DATE AND TIME OF LATEST TRANSACTION
control field 20220517093818.0
008 - FIXED-LENGTH DATA ELEMENTS--GENERAL INFORMATION
fixed length control field 100920t2003 stka f d 001 0 eng d
020 ## - INTERNATIONAL STANDARD BOOK NUMBER
International Standard Book Number 1842051881
020 ## - INTERNATIONAL STANDARD BOOK NUMBER
International Standard Book Number 9781842051887
040 ## - CATALOGING SOURCE
Original cataloging agency EG-ScBUE
Language of cataloging eng
Description conventions rda
Transcribing agency EG-ScBUE
Modifying agency EG-ScBUE
082 04 - DEWEY DECIMAL CLASSIFICATION NUMBER
Classification number 423
Item number WEB
Edition number 22
245 00 - TITLE STATEMENT
Title Webster's universal dictionary & thesaurus.
246 30 - VARYING FORM OF TITLE
Title proper/short title Universal dictionary and thesaurus
264 #1 - PUBLICATION, DISTRIBUTION, ETC. (IMPRINT)
Place of publication, distribution, etc New Lanark, Scotland :
Name of publisher, distributor, etc Geddes and Grosset,
Date of publication, distribution, etc 2003.
300 ## - PHYSICAL DESCRIPTION
Extent 960, 48 pages :
Other physical details illustrations ;
Dimensions 29 cm
336 ## - CONTENT TYPE
Source rdacontent
Content type term text
Content type code txt
337 ## - MEDIA TYPE
Source rdamedia
Media type term unmediated
Media type code n
338 ## - CARRIER TYPE
Source rdacarrier
Carrier type term volume
Carrier type code nc
500 ## - GENERAL NOTE
General note Includes index.
500 ## - GENERAL NOTE
General note Includes appendix.
520 ## - SUMMARY, ETC.
Summary, etc English dictionary with over 100,000 definitions and thesaurus with over 100,000 synonyms. Also grammar and usage guide. Has phrasefinder of over 4.500 English idioms, world facts and figures, leaders of the modern world and color maps of the world.
650 #7 - SUBJECT ADDED ENTRY--TOPICAL TERM
Topical term or geographic name as entry element English language
Form subdivision Dictionaries.
Source of heading or term BUEsh
9 (RLIN) 19600
650 #7 - SUBJECT ADDED ENTRY--TOPICAL TERM
Topical term or geographic name as entry element English language
General subdivision Synonyms and antonyms.
Source of heading or term BUEsh
9 (RLIN) 19528
651 ## - SUBJECT ADDED ENTRY--GEOGRAPHIC NAME
Source of heading or term BUEsh
653 ## - INDEX TERM--UNCONTROLLED
Arrived date list August2018
Resource For college Humanities: English
655 ## - INDEX TERM--GENRE/FORM
Form subdivision Reading book
9 (RLIN) 34232
942 ## - ADDED ENTRY ELEMENTS (KOHA)
Source of classification or shelving scheme Dewey Decimal Classification
Koha item type Book - Borrowing
Holdings
Withdrawn status Lost status Source of classification or shelving scheme Damaged status Not for loan Collection code Home library Current library Shelving location Date acquired Source of acquisition Total Checkouts Full call number Barcode Date last seen Koha item type
    Dewey Decimal Classification     unknown Central Library Central Library Ground Floor 06/05/2007 Purchase   423 WEB 000039513 15/07/2025 Reference (NB)